| 000 | 00787nam a2200241 a 4500 | ||
|---|---|---|---|
| 001 | 25107 | ||
| 003 | BD-RjUL | ||
| 005 | 20211209050830.0 | ||
| 008 | 140316s1951 enk 001 0 eng d | ||
| 035 |
_aCURL 020000200373(Edi) from nnjc10 _a(BD-RjUL)25176 |
||
| 040 |
_aPZI _dBD-RjUL _beng _cBD-RjUL |
||
| 041 | _aeng | ||
| 082 |
_a325.2510959 _bPUC 1952 |
||
| 100 | 1 |
_aPurcell, Victor, _d1896-1965. _977256 |
|
| 245 | 1 | 4 |
_aThe Chinese in Southeast Asia / _cby Victor Purcell. |
| 260 |
_aLondon : _bOxford University Press, _c1951 [Imprission 1952]. |
||
| 300 |
_axxxvii, 801 p., [2] folded leaves : _b2 maps ; _c23 cm. |
||
| 500 | _aIncludes bibliography and index. | ||
| 650 | 0 |
_aChinese _zSoutheast Asia. _977257 |
|
| 942 |
_2ddc _cBK |
||
| 999 |
_c25107 _d25107 |
||